Statystyki dla Marki telefonów komórkowych

Kliknij tutaj aby rozwiązać quiz!

Ogólne statystyki

  • Ten quiz został rozwiązany 79 razy
  • Średni wynik to 11 z 94

Statystyki odpowiedzi

LpOdpowiedź% Poprawnych
1Samsung
97%
7Apple
91%
8Nokia
87%
2Xiaomi
79%
3Huawei
78%
16Motorola
72%
4Oppo
57%
15LG
54%
12Sony
53%
6Realme
44%
75Poco
31%
20HTC
25%
49Google
24%
21Lenovo
22%
22Asus
21%
30Microsoft
21%
5Vivo
19%
24myPhone
15%
14BlackBerry
13%
17Honor
13%
44Panasonic
12%
11Siemens
12%
18Alcatel
10%
48CAT
10%
57Manta
10%
37BLU
9%
72Infinix
9%
43Philips
9%
13Ericsson
7%
50Nothing Phone
7%
54Sagem
6%
61TCL
6%
41Ulephone
6%
23ZTE
6%
38Blackview
4%
31Cubot
4%
55Kiano
4%
27MaxCom
4%
46Oukitel
4%
36Fly
3%
84Goophone
3%
32Itel
3%
42Kruger&Matz
3%
25Meizu
3%
39Sharp
3%
10Toshiba
3%
53Archos
1%
65Arirang
1%
67Artphone
1%
35BenQ
1%
51Coolpad
1%
28Doogee
1%
77Fuffi
1%
58Fujitsu
1%
34Hagenuk
1%
33Hisense
1%
29InCell-screen
1%
82KXD
1%
45Kyocera
1%
60LTC
1%
26Mobiola
1%
64Qsmart
1%
19Samtaesong
1%
70Sendo
1%
71Servo
1%
62Telefunken
1%
47Umidigi
1%
78Vertu
1%
90Virgin
1%
40Wiko
1%
59AEG
0%
52Allview
0%
94Bullitt
0%
91Compulab
0%
66Emporia
0%
83FOSSiBOT
0%
89GoldVish
0%
92Haier
0%
76Hoswn
0%
85JCB
0%
93Jolla
0%
9Kenwood
0%
69Mitsubishi
0%
74MKTEL
0%
81Newmind
0%
68Oakcastle
0%
86Pantech
0%
73Soyes
0%
63SPC
0%
88Telson
0%
56Uhans
0%
79Uniwa
0%
87Vodafone
0%
80Yeemi
0%

Rozkład punktacji

Percentyl według liczby udzielonych odpowiedzi

Procent ludzi z każdym wynikiem

Twoja historia wyników

Nie rozwiązałeś tego quizu